000 00724nam a2200229Ii 4500
003 JO-AjNU
008 230605s9999||||xx |||||||||||||| ||und||
017 _a1984/7069
020 _a977-1420-14-3
040 _aJO-AjNU
_bara
_erda
_cJO-AjNU
041 _aara
050 1 4 _aBP161.2.B396 1985
100 3 _aالبيومي،محمد رجب,
_eauthor
_914509
245 0 0 _aقضايا إسلامية مناقشات وردود، الجزء الاول
250 _aط1
264 3 1 _aالمنصورة: دار الوفاء، 1985
300 _aج1، 208ص
336 _atext
_btxt
_2rdacontent
337 _aunmediated
_bn
_2rdamedia
338 _avolume
_bnc
_2rdacarrier
650 4 _aالاسلام- والاصلاح
_914510
999 _aA3886
_c7454
_d7454